[Event "Gibraltar Challengers op-B"]
[Site "Caleta"]
[Date "2020.01.27"]
[Round "3"]
[White "Wang, Cong"]
[Black "Severijnen, Arjon"]
[Result "0-1"]
[WhiteElo "1975"]
[BlackElo "2120"]
[PlyCount "98"]
[EventDate "2020.01.25"]
[EventType "swiss"]
[EventRounds "5"]
[EventCountry "GGB"]
[SourceTitle "CBM 194 Extra"]
[Source "ChessBase"]
[SourceDate "2020.03.31"]
[SourceVersion "1"]
[SourceVersionDate "2020.03.31"]
[SourceQuality "1"]

1. e4 c5 2. c3 Nf6 3. e5 Nd5 4. d4 cxd4 5. Nf3 Nc6 6. cxd4 d6 7. Bc4 Nb6 8. Bb3 d5 9. 0-0 Bg4 10. Be3 e6 11. h3 Bxf3 12. Qxf3 Be7 13. Qg4 g6 14. Bh6 Qd7 15. Re1 0-0-0 16. Nc3 Kb8 17. Qf4 g5 18. Bxg5 Bxg5 19. Qxg5 Nxd4 20. Qd2 Nf5 21. a4 Rhg8 22. Qf4 Rc8 23. Red1 Ne7 24. Nb5 Nc6 25. a5 Na8 26. Nd6 f6 27. Nxc8 fxe5 28. Qf6 Qxc8 29. Ba4 Qf8 30. Qxf8+ Rxf8 31. Bxc6 bxc6 32. f3 Kc7 33. Kf2 Kd6 34. Ke3 Rb8 35. Rd2 Nc7 36. g4 Nb5 37. Ra4 Nd4 38. f4 exf4+ 39. Kxf4 e5+ 40. Kg3 Rb3+ 41. Kg2 c5 42. Ra1 e4 43. Ra3 Rxa3 44. bxa3 Ke5 45. Rf2 Nf3 46. Rxf3 exf3+ 47. Kxf3 c4 48. h4 c3 49. Ke3 d4+ 0-1

[Event "Gibraltar Challengers op-B"]
[Site "Caleta"]
[Date "2020.01.26"]
[Round "2"]
[White "Severijnen, Arjon"]
[Black "Oragwu, Chukwunonso"]
[Result "0-1"]
[WhiteElo "2120"]
[BlackElo "2220"]
[PlyCount "142"]
[EventDate "2020.01.25"]
[EventType "swiss"]
[EventRounds "5"]
[EventCountry "GGB"]
[SourceTitle "CBM 194 Extra"]
[Source "ChessBase"]
[SourceDate "2020.03.31"]
[SourceVersion "1"]
[SourceVersionDate "2020.03.31"]
[SourceQuality "1"]

1. e4 c5 2. Nf3 Nc6 3. d4 cxd4 4. Nxd4 g6 5. Nc3 Bg7 6. Be3 Nf6 7. Bc4 Qa5 8. 0-0 0-0 9. h3 d6 10. Re1 Bd7 11. Bb3 Rac8 12. Nd5 Nxd5 13. exd5 Ne5 14. c3 Rfe8 15. Qe2 Ba4 16. Bxa4 Qxa4 17. b3 Qa5 18. c4 a6 19. Rac1 h6 20. a4 Nd7 21. Rb1 Qc7 22. Qd2 Kh7 23. f4 e5 24. dxe6 fxe6 25. Ne2 Rcd8 26. Ng3 Nf6 27. a5 Qf7 28. Bb6 Rd7 29. Qc2 d5 30. Rbd1 h5 31. Bd4 h4 32. Bxf6 Bxf6 33. Nf1 Bd8 34. Qc3 Rf8 35. Rd3 dxc4 36. Rxd7 Qxd7 37. Qxc4 Rf6 38. b4 Qd5 39. Re4 Qxc4 40. Rxc4 Rf7 41. Nd2 Bc7 42. Nf3 Bxf4 43. Nxh4 g5 44. Nf3 Kg6 45. Kf2 Rc7 46. Rxc7 Bxc7 47. Nd4 Kf6 48. Ke3 Bd6 49. Nc2 Ke5 50. g3 Be7 51. Kd3 Bf8 52. Ke3 Bd6 53. Kd3 Kf6 54. g4 Ke5 55. Ke3 Kd5 56. Kd3 Bf4 57. b5 axb5 58. Nb4+ Kc5 59. a6 bxa6 60. Nxa6+ Kb6 61. Nb4 Bd6 62. Nc2 Bc5 63. Ke4 Kc6 64. Ke5 Kd7 65. Kf6 Be7+ 66. Ke5 b4 67. Nd4 Bd6+ 68. Kf6 e5 69. Nb3 e4 70. Kxg5 e3 71. Nc1 b3 0-1

[Event "Gibraltar Challengers op-B"]
[Site "Caleta"]
[Date "2019.01.26"]
[Round "1"]
[White "Obiamiwe, Paul"]
[Black "Severijnen, Arjon"]
[Result "0-1"]
[WhiteElo "1903"]
[BlackElo "2120"]
[PlyCount "104"]
[EventDate "2019.01.26"]
[EventType "swiss"]
[EventRounds "5"]
[EventCountry "GGB"]
[SourceTitle "CBM 188 Extra"]
[Source "ChessBase"]
[SourceDate "2019.02.26"]
[SourceVersion "1"]
[SourceVersionDate "2019.02.26"]
[SourceQuality "1"]

1. Nf3 d5 2. d4 c5 3. c4 Nf6 4. Nc3 cxd4 5. Nxd4 e5 6. Nf3 d4 7. Nxe5 dxc3 8. Qxd8+ Kxd8 9. Nxf7+ Ke8 10. Nxh8 Bb4 11. b3 c2+ 12. Bd2 Ba3 13. f3 Bb2 14. Rc1 Bxc1 15. Bxc1 Nc6 16. Kd2 Be6 17. Kxc2 Kd7 18. Bb2 Rxh8 19. a3 b5 20. e4 bxc4 21. b4 Ke7 22. Be2 Rb8 23. Bc3 g5 24. Rb1 a6 25. a4 Nd7 26. b5 axb5 27. Rxb5 Rxb5 28. axb5 Na7 29. b6 Nxb6 30. Bd4 Nac8 31. g3 Nd7 32. Kc3 Nd6 33. Kb4 h5 34. h4 g4 35. fxg4 hxg4 36. h5 Nxe4 37. h6 Ndf6 38. Bxc4 Bxc4 39. Kxc4 Nxg3 40. Be5 Ngh5 41. Kd4 Kf7 42. Bb8 Kg6 43. Ke3 Kxh6 44. Kf2 Kg6 45. Kg1 Kf5 46. Bc7 Ke4 47. Bb8 Kf3 48. Bh2 Ne4 49. Kf1 Neg3+ 50. Kg1 Ne2+ 51. Kf1 Nhg3+ 52. Ke1 Kg2 0-1

[Event "Gibraltar Challenger op-A"]
[Site "Caleta"]
[Date "2017.01.25"]
[Round "3"]
[White "Galmandakh, Badrakh"]
[Black "Severijnen, Arjon"]
[Result "1/2-1/2"]
[WhiteElo "2215"]
[BlackElo "2153"]
[PlyCount "62"]
[EventDate "2017.01.23"]
[EventType "swiss"]
[EventRounds "5"]
[EventCountry "GGB"]
[SourceTitle "CBM 176 Extra"]
[Source "ChessBase"]
[SourceDate "2017.03.02"]
[SourceVersion "1"]
[SourceVersionDate "2017.03.02"]
[SourceQuality "1"]

1. Nf3 g6 2. g3 Bg7 3. Bg2 d6 4. 0-0 e5 5. d3 Nc6 6. e4 f5 7. Nc3 Nf6 8. exf5 Bxf5 9. Nh4 Be6 10. f4 Qd7 11. fxe5 dxe5 12. Ne4 Nxe4 13. Bxe4 0-0-0 14. Be3 Rhf8 15. Bc5 Rxf1+ 16. Qxf1 Bd5 17. Be3 Nd4 18. Bxd4 exd4 19. Re1 Bh6 20. Ng2 Rf8 21. Qe2 Re8 22. Qf3 Rf8 23. Qe2 Re8 24. Bf5 Be3+ 25. Qxe3 dxe3 26. Bxd7+ Kxd7 27. Nxe3 Bxa2 28. b3 a5 29. Kf2 a4 30. bxa4 Rf8+ 31. Ke2 Ra8 1/2-1/2

[Event "Gibraltar Challengers-A 14th"]
[Site "Caleta"]
[Date "2016.01.28"]
[Round "4"]
[White "Severijnen, Arjon"]
[Black "Kandic, Milan"]
[Result "1-0"]
[WhiteElo "2151"]
[BlackElo "2109"]
[PlyCount "61"]
[EventDate "2016.01.25"]
[EventType "swiss"]
[EventRounds "5"]
[EventCountry "GGB"]
[SourceTitle "CBM 170 Extra"]
[Source "ChessBase"]
[SourceDate "2016.02.25"]
[SourceVersion "1"]
[SourceVersionDate "2016.02.25"]
[SourceQuality "1"]

1. e4 d6 2. d4 Nf6 3. Nc3 e5 4. Nf3 Nbd7 5. Bc4 Be7 6. 0-0 0-0 7. Re1 c6 8. a4 a5 9. h3 exd4 10. Nxd4 Nb6 11. Bd3 d5 12. e5 Nfd7 13. Nf5 Nc5 14. Qg4 g6 15. Nxe7+ Qxe7 16. Qg3 Nxd3 17. cxd3 f5 18. d4 Be6 19. b3 Qf7 20. Ne2 Nd7 21. Ba3 Rfe8 22. Rec1 Kh8 23. Rc3 Rg8 24. h4 Rac8 25. Rac1 h6 26. Qh2 Kh7 27. Nf4 Rg7 28. R1c2 Rcg8 29. Nh3 Rc8 30. Bc1 Qe7 31. Qf4 1-0

[Event "Gibraltar Challengers-A 12th"]
[Site "Caleta"]
[Date "2014.01.31"]
[Round "5"]
[White "Severijnen, Arjon"]
[Black "Verneuil, Pascal"]
[Result "1-0"]
[WhiteElo "2147"]
[BlackElo "2065"]
[PlyCount "121"]
[EventDate "2014.01.27"]
[EventType "swiss"]
[EventRounds "5"]
[EventCountry "GGB"]
[SourceTitle "CBM 158 Extra"]
[Source "ChessBase"]
[SourceDate "2014.02.28"]
[SourceVersion "1"]
[SourceVersionDate "2014.02.28"]
[SourceQuality "1"]

1. e4 c5 2. Nf3 Nc6 3. d4 cxd4 4. Nxd4 e5 5. Nb5 d6 6. c4 a6 7. N5a3 f5 8. exf5 Bxf5 9. Nc3 Nf6 10. Bg5 Be7 11. Bd3 Bxd3 12. Qxd3 0-0 13. Bxf6 Rxf6 14. 0-0 Nd4 15. Nc2 Ne6 16. g3 Rb8 17. Rad1 Rg6 18. Kh1 Kh8 19. b4 Qc8 20. Nd5 Bf8 21. f4 Rh6 22. f5 Nc7 23. Nb6 Qe8 24. Qe4 Be7 25. Ne3 Rf6 26. a4 Qc6 27. Qxc6 bxc6 28. Nd7 Rxb4 29. Nxf6 gxf6 30. Rb1 d5 31. Rxb4 Bxb4 32. cxd5 Nxd5 33. Nxd5 cxd5 34. Rc1 Kg7 35. Kg2 e4 36. Rc7+ Kh6 37. Rd7 e3 38. Kf3 Bd2 39. Rxd5 a5 40. h4 Kg7 41. Rd7+ Kg8 42. Ke2 h5 43. Ra7 Bb4 44. Ra8+ Kg7 45. Kxe3 Be1 46. Kf3 Bc3 47. Rd8 Bb4 48. Rd3 Kg8 49. Ke4 Kf7 50. Kd5 Kf8 51. Ke6 Kg7 52. Rd7+ Kh6 53. Kxf6 Be1 54. Rd3 Bf2 55. Ke6 Be1 56. f6 Bb4 57. f7 Kg7 58. Rd5 Kh7 59. Rxh5+ Kg7 60. Rg5+ Kh7 61. Rg8 1-0

[Event "Gibraltar Challengers-A 12th"]
[Site "Caleta"]
[Date "2014.01.29"]
[Round "3"]
[White "Severijnen, Arjon"]
[Black "Janev, Pavel"]
[Result "0-1"]
[WhiteElo "2147"]
[BlackElo "2203"]
[PlyCount "70"]
[EventDate "2014.01.27"]
[EventType "swiss"]
[EventRounds "5"]
[EventCountry "GGB"]
[SourceTitle "CBM 158 Extra"]
[Source "ChessBase"]
[SourceDate "2014.02.28"]
[SourceVersion "1"]
[SourceVersionDate "2014.02.28"]
[SourceQuality "1"]

1. e4 c5 2. Nf3 Nc6 3. d4 cxd4 4. Nxd4 e5 5. Nb5 d6 6. c4 Be6 7. N1c3 a6 8. Na3 Be7 9. Be2 Bg5 10. 0-0 Bxc1 11. Rxc1 Nf6 12. Nc2 0-0 13. Ne3 Rc8 14. b3 Qa5 15. Ned5 Bxd5 16. exd5 Nd4 17. f4 Rfe8 18. fxe5 Nxe2+ 19. Qxe2 Rxe5 20. Qf2 b5 21. Qg3 Kf8 22. Qh4 bxc4 23. Rxf6 gxf6 24. Qxf6 Qc5+ 25. Kh1 cxb3 26. Rf1 Ke8 27. Qxf7+ Kd8 28. Qxh7 Qxc3 29. h3 bxa2 30. Qg6 a1Q 31. Qxd6+ Ke8 32. Qf8+ Kd7 33. Qf7+ Re7 34. Qf5+ Kd6 35. Qg6+ Kc5 0-1

[Event "Seville op 39th"]
[Site "Seville"]
[Date "2014.01.18"]
[Round "9"]
[White "Gonzalez Galvan, Juan Manuel"]
[Black "Severijnen, Arjon"]
[Result "1-0"]
[WhiteElo "2238"]
[BlackElo "2147"]
[PlyCount "43"]
[EventDate "2014.01.10"]
[EventType "swiss"]
[EventRounds "9"]
[EventCountry "ESP"]
[SourceTitle "CBM 158 Extra"]
[Source "ChessBase"]
[SourceDate "2014.02.28"]
[SourceVersion "1"]
[SourceVersionDate "2014.02.28"]
[SourceQuality "1"]

1. e4 c5 2. Nc3 Nc6 3. Bb5 g6 4. Bxc6 dxc6 5. f4 Bg7 6. d3 e5 7. Nf3 Bg4 8. 0-0 Ne7 9. Qe1 Bxf3 10. Rxf3 exf4 11. Bxf4 0-0 12. Qh4 Nc8 13. Bg5 f6 14. Be3 b6 15. Rh3 h5 16. g4 hxg4 17. Qxg4 Ne7 18. e5 f5 19. Qh4 Qd7 20. e6 Qxe6 21. Bg5 Rae8 22. Re1 1-0

[Event "Seville op 39th"]
[Site "Seville"]
[Date "2014.01.17"]
[Round "8"]
[White "Severijnen, Arjon"]
[Black "Lazaro Porta, Angel"]
[Result "1-0"]
[WhiteElo "2147"]
[BlackElo "1901"]
[PlyCount "51"]
[EventDate "2014.01.10"]
[EventType "swiss"]
[EventRounds "9"]
[EventCountry "ESP"]
[SourceTitle "CBM 158 Extra"]
[Source "ChessBase"]
[SourceDate "2014.02.28"]
[SourceVersion "1"]
[SourceVersionDate "2014.02.28"]
[SourceQuality "1"]

1. e4 c5 2. Nf3 d6 3. d4 cxd4 4. Nxd4 Nf6 5. Nc3 a6 6. Bg5 Nbd7 7. f4 b5 8. Be2 Bb7 9. Bf3 Qc7 10. Qd2 e6 11. a3 Be7 12. 0-0-0 h6 13. Bxf6 Nxf6 14. Kb1 Rd8 15. Rhe1 0-0 16. g4 Nd7 17. h4 Nb6 18. g5 Nc4 19. Qd3 Rc8 20. Na2 Rfd8 21. Bg4 Kh8 22. gxh6 gxh6 23. Bxe6 fxe6 24. Nxe6 Qd7 25. Qd4+ Kh7 26. Qg7# 1-0

[Event "Seville op 39th"]
[Site "Seville"]
[Date "2014.01.15"]
[Round "6"]
[White "Severijnen, Arjon"]
[Black "Padeiro, Jose Joao Tato"]
[Result "0-1"]
[WhiteElo "2147"]
[BlackElo "2337"]
[PlyCount "90"]
[EventDate "2014.01.10"]
[EventType "swiss"]
[EventRounds "9"]
[EventCountry "ESP"]
[SourceTitle "CBM 158 Extra"]
[Source "ChessBase"]
[SourceDate "2014.02.28"]
[SourceVersion "1"]
[SourceVersionDate "2014.02.28"]
[SourceQuality "1"]

1. e4 c6 2. d4 d5 3. e5 Bf5 4. c4 e6 5. Nc3 Ne7 6. Bg5 h6 7. Bh4 Qa5 8. Nf3 Nd7 9. Be2 dxc4 10. Bxc4 Nb6 11. Bb3 Nbd5 12. Qd2 Qa6 13. a3 g5 14. Bg3 0-0-0 15. Rc1 Nxc3 16. Rxc3 Nd5 17. Bc4 Qa5 18. Bxd5 Qxd5 19. h3 Qe4+ 20. Qe3 Qb1+ 21. Qc1 Qxc1+ 22. Rxc1 Be7 23. Ke2 Rd5 24. Rcd1 Bc2 25. Rd2 Ba4 26. Rc1 Rhd8 27. Ke3 Kb8 28. b4 a5 29. Rc5 axb4 30. axb4 Bxc5 31. bxc5 b6 32. Rb2 b5 33. Rb4 Bc2 34. Nd2 Kc7 35. f4 Ra8 36. fxg5 hxg5 37. Nf3 Ra3+ 38. Kd2 Ra2 39. Ke3 Bg6 40. Bf2 Rd8 41. Nxg5 Rda8 42. Kf3 R8a3+ 43. Be3 Rd3 44. Kf4 Rxg2 45. Rb1 Rxe3 0-1

[Event "Seville op 39th"]
[Site "Seville"]
[Date "2014.01.12"]
[Round "3"]
[White "Haslinger, Stewart"]
[Black "Severijnen, Arjon"]
[Result "1-0"]
[WhiteElo "2548"]
[BlackElo "2147"]
[PlyCount "39"]
[EventDate "2014.01.10"]
[EventType "swiss"]
[EventRounds "9"]
[EventCountry "ESP"]
[SourceTitle "CBM 158 Extra"]
[Source "ChessBase"]
[SourceDate "2014.02.28"]
[SourceVersion "1"]
[SourceVersionDate "2014.02.28"]
[SourceQuality "1"]

1. e4 c5 2. Nf3 Nc6 3. d4 cxd4 4. Nxd4 Nf6 5. Nc3 e6 6. Ndb5 Bb4 7. a3 Bxc3+ 8. Nxc3 d5 9. exd5 exd5 10. Bd3 0-0 11. 0-0 d4 12. Ne2 Re8 13. b4 Nd5 14. Qd2 Bg4 15. f3 Bh5 16. Bb2 a6 17. Rf2 Kh8 18. Nxd4 Ndxb4 19. Nf5 Nxd3 20. Qh6 1-0

[Event "Gibraltar Challengers-A 11th"]
[Site "Caleta"]
[Date "2013.01.24"]
[Round "4"]
[White "Scharrer, Patrick"]
[Black "Severijnen, Arjon"]
[Result "1-0"]
[WhiteElo "2256"]
[BlackElo "2138"]
[PlyCount "111"]
[EventDate "2013.01.21"]
[EventType "swiss"]
[EventRounds "5"]
[EventCountry "GGB"]
[SourceTitle "EXT 2014"]
[Source "ChessBase"]
[SourceDate "2013.11.20"]
[SourceVersion "1"]
[SourceVersionDate "2013.11.20"]
[SourceQuality "1"]

1. e4 c5 2. Nf3 e6 3. d3 g6 4. g3 Bg7 5. Bg2 b6 6. 0-0 Bb7 7. Re1 Ne7 8. c3 0-0 9. d4 d6 10. Na3 h6 11. dxc5 dxc5 12. Nb5 Qd7 13. Qxd7 Nxd7 14. a4 Rfd8 15. a5 Bc6 16. Nd6 Nc8 17. Bf4 Nxd6 18. Bxd6 b5 19. Rad1 Bf8 20. e5 Bd5 21. Bxf8 Nxf8 22. Nd2 Rab8 23. Ne4 Bxe4 24. Bxe4 b4 25. c4 Kg7 26. f4 g5 27. Kf2 Ng6 28. Ke3 f6 29. exf6+ Kxf6 30. fxg5+ hxg5 31. Rf1+ Kg7 32. Bxg6 Kxg6 33. Ke4 Rh8 34. Rf2 Rbd8 35. Rxd8 Rxd8 36. Ke5 Rd4 37. b3 Rd3 38. Kxe6 Rxb3 39. Kd5 Ra3 40. Kxc5 b3 41. Kb4 Ra2 42. Rf1 b2 43. Rb1 Kf5 44. Kb5 g4 45. c5 Ke6 46. Kc6 Ke7 47. Re1+ Kd8 48. Rd1+ Kc8 49. Rf1 Kd8 50. Rf8+ Ke7 51. Rb8 Ke6 52. Rb3 Ke7 53. Kb7 Rxa5 54. c6 Rc5 55. Rxb2 a5 56. c7 1-0

[Event "Gibraltar Challengers-A 11th"]
[Site "Caleta"]
[Date "2013.01.22"]
[Round "2"]
[White "Van Dongen, Edwin"]
[Black "Severijnen, Arjon"]
[Result "0-1"]
[WhiteElo "2055"]
[BlackElo "2138"]
[PlyCount "54"]
[EventDate "2013.01.21"]
[EventType "swiss"]
[EventRounds "5"]
[EventCountry "GGB"]
[SourceTitle "EXT 2014"]
[Source "ChessBase"]
[SourceDate "2013.11.20"]
[SourceVersion "1"]
[SourceVersionDate "2013.11.20"]
[SourceQuality "1"]

1. f4 d5 2. b3 Nf6 3. Bb2 c5 4. e3 g6 5. Nf3 Bg7 6. Be2 Nc6 7. 0-0 0-0 8. Ne5 Qc7 9. Nxc6 Qxc6 10. Bf3 Qe6 11. Qe2 Bd7 12. c4 Bc6 13. Nc3 Rfd8 14. Rac1 dxc4 15. bxc4 Bxf3 16. gxf3 Nh5 17. Rfe1 Qc6 18. Nd5 Rd7 19. Bxg7 Kxg7 20. d3 e6 21. Nc3 Rad8 22. Red1 a6 23. Ne4 Kg8 24. Rc3 Qc7 25. Rb3 e5 26. fxe5 Qxe5 27. f4 Qxe4 0-1

[Event "Police Gniota Memorial 23rd"]
[Site "Police"]
[Date "2008.07.16"]
[Round "9"]
[White "Kurpiewski, Slawomir"]
[Black "Severijnen, Arjon"]
[Result "1-0"]
[WhiteElo "2184"]
[BlackElo "2164"]
[PlyCount "119"]
[EventDate "2008.07.09"]
[EventType "swiss"]
[EventRounds "9"]
[EventCountry "POL"]
[SourceTitle "CBM 125 Extra"]
[Source "ChessBase"]
[SourceDate "2008.09.01"]
[SourceVersion "1"]
[SourceVersionDate "2008.09.01"]
[SourceQuality "1"]

1. d4 Nf6 2. c4 g6 3. Nc3 Bg7 4. e4 d6 5. Be2 0-0 6. Nf3 e5 7. Be3 Nc6 8. d5 Ne7 9. Nd2 Nd7 10. b4 f5 11. f3 Nf6 12. 0-0 f4 13. Bf2 g5 14. c5 Ng6 15. Rc1 Rf7 16. Qc2 Bf8 17. Nc4 g4 18. cxd6 Bxd6 19. Nxd6 cxd6 20. Nb5 gxf3 21. Bxf3 Ne8 22. Nxa7 Bd7 23. b5 Nh4 24. Bxh4 Qxh4 25. b6 Rg7 26. Qf2 Qh6 27. Rc3 Kh8 28. Rfc1 Qg5 29. Kh1 Rg6 30. a4 Nf6 31. a5 Ng4 32. Bxg4 Qxg4 33. h3 Qh5 34. a6 Rb8 35. Nc6 Rbg8 36. axb7 Rxg2 37. Qxg2 Rxg2 38. Kxg2 Qe2+ 39. Kg1 f3 40. b8Q+ Kg7 41. Rxf3 Qxf3 42. Nxe5 Qg3+ 43. Kf1 dxe5 44. Rc7 Qf3+ 45. Ke1 Qxe4+ 46. Kd2 Qb4+ 47. Kd3 Qd4+ 48. Kc2 Qa4+ 49. Kc1 Qa3+ 50. Kd2 Qb4+ 51. Rc3 Qb2+ 52. Kd3 Bf5+ 53. Kc4 Qa2+ 54. Kc5 Qa5+ 55. Kd6 Qb4+ 56. Rc5 Kh6 57. Qc7 Qh4 58. Qe7 Qb4 59. Kc7 e4 60. Rc6+ 1-0

[Event "Police Gniota Memorial 23rd"]
[Site "Police"]
[Date "2008.07.13"]
[Round "6"]
[White "Severijnen, Arjon"]
[Black "Rudnicki, Milosz"]
[Result "0-1"]
[WhiteElo "2164"]
[BlackElo "2197"]
[PlyCount "158"]
[EventDate "2008.07.09"]
[EventType "swiss"]
[EventRounds "9"]
[EventCountry "POL"]
[SourceTitle "CBM 125 Extra"]
[Source "ChessBase"]
[SourceDate "2008.09.01"]
[SourceVersion "1"]
[SourceVersionDate "2008.09.01"]
[SourceQuality "1"]

1. e4 c5 2. Nf3 d6 3. d4 cxd4 4. Nxd4 Nf6 5. Nc3 g6 6. Be3 Bg7 7. f3 Nc6 8. Qd2 0-0 9. Bc4 Nd7 10. Nxc6 bxc6 11. h4 Ne5 12. Bb3 h5 13. 0-0-0 Kh7 14. Kb1 Be6 15. Bd4 Qa5 16. Ne2 Qxd2 17. Rxd2 Bh6 18. Rdd1 Nc4 19. Bxc4 Bxc4 20. Nc3 Bf4 21. Bf2 Rfb8 22. Rd4 Be6 23. Rd3 Rb4 24. Rd4 Rb7 25. Rdd1 a5 26. Ne2 Bh6 27. Rhe1 Rab8 28. Bd4 c5 29. Bc3 a4 30. Ka1 Be3 31. Nc1 Bf2 32. Rh1 Bg3 33. Ne2 Bf2 34. Nc1 Rb5 35. Rd2 Be3 36. Rd3 Bh6 37. Rdd1 R5b6 38. Rhe1 f6 39. Nd3 Bc4 40. g3 Kg7 41. Nf4 Kf7 42. Nd5 Rc6 43. Ne3 Ba6 44. Nd5 Bc8 45. Ne3 Bf8 46. Nd5 Ba6 47. Rd2 Rcc8 48. Rdd1 Bb5 49. a3 Bc6 50. Rd2 Rb7 51. Rg2 Bg7 52. g4 hxg4 53. Rxg4 f5 54. Rg5 Bh6 55. Rg2 e6 56. Ne3 Rg8 57. Nc4 Rd7 58. Rd1 Bf4 59. Bd2 Bxd2 60. Rgxd2 Ke7 61. Nxd6 Rgd8 62. e5 Bxf3 63. Nc8+ Ke8 64. Nd6+ Rxd6 65. exd6 Bxd1 66. Rxd1 Kd7 67. b4 Kc6 68. Rg1 Kxd6 69. Rxg6 Rh8 70. bxc5+ Ke5 71. Kb2 Rxh4 72. Kc3 Kd5 73. Rg8 Kxc5 74. Rc8+ Kd5 75. Rd8+ Ke5 76. Rd3 Re4 77. Kd2 Rd4 78. Ke3 Rxd3+ 79. cxd3 Kd5 0-1

[Event "Police Gniota Memorial 23rd"]
[Site "Police"]
[Date "2008.07.12"]
[Round "4"]
[White "Chlost, Marlena"]
[Black "Severijnen, Arjon"]
[Result "0-1"]
[WhiteElo "2131"]
[BlackElo "2164"]
[PlyCount "122"]
[EventDate "2008.07.09"]
[EventType "swiss"]
[EventRounds "9"]
[EventCountry "POL"]
[SourceTitle "CBM 125 Extra"]
[Source "ChessBase"]
[SourceDate "2008.09.01"]
[SourceVersion "1"]
[SourceVersionDate "2008.09.01"]
[SourceQuality "1"]

1. e4 c5 2. Nf3 Nc6 3. d4 cxd4 4. Nxd4 Nf6 5. Nc3 e6 6. Ndb5 Bb4 7. Nd6+ Ke7 8. Nxc8+ Rxc8 9. Bd3 d5 10. exd5 Qxd5 11. 0-0 Bxc3 12. bxc3 Rhd8 13. Rb1 Rd7 14. Qe2 a6 15. Ba3+ Ke8 16. Bc4 Qe4 17. Rfe1 Qxe2 18. Bxe2 Nd5 19. Bb2 Na5 20. c4 Nxc4 21. Bxg7 Na3 22. Rb3 Nxc2 23. Rc1 Rc6 24. Rcb1 b5 25. g3 f6 26. Bh5+ Kd8 27. Bf8 Nc3 28. Rf1 Nd4 29. Rb2 Rd5 30. Bg4 a5 31. Kg2 h5 32. Bh3 Ke8 33. Bh6 b4 34. Kh1 e5 35. Bg2 e4 36. Re1 f5 37. Bg7 Kf7 38. Bh8 Rc8 39. Bxd4 Rxd4 40. f3 e3 41. Bh3 Rd2 42. Bxf5 Rcd8 43. Bc2 Rxc2 44. Rxc2 Rd2 45. Rcc1 e2 46. Kg1 Nxa2 47. Rc7+ Kf6 48. Rc6+ Kf7 49. Rc7+ Ke6 50. Ra7 Nc1 51. Kf2 Rc2 52. Ke3 Rc5 53. Ra6+ Kd7 54. Ra7+ Kc6 55. Rxa5 Rxa5 56. Rxc1+ Kd5 57. Kxe2 Ra2+ 58. Ke3 Rxh2 59. Kf4 b3 60. Rc8 Rg2 61. Rb8 Kc4 0-1

[Event "Gibraltar Challengers-B"]
[Site "Gibraltar"]
[Date "2008.01.27"]
[Round "1"]
[White "Severijnen, Arjon"]
[Black "Haugstad, Espen"]
[Result "1-0"]
[WhiteElo "2158"]
[BlackElo "2042"]
[PlyCount "109"]
[EventDate "2008.01.27"]
[EventType "swiss"]
[EventRounds "5"]
[EventCountry "ENG"]
[SourceTitle "CBM 122 Extra"]
[Source "ChessBase"]
[SourceDate "2008.03.04"]
[SourceVersion "1"]
[SourceVersionDate "2008.03.04"]
[SourceQuality "1"]

1. e4 c5 2. Nf3 e6 3. d4 cxd4 4. Nxd4 a6 5. Nc3 Nc6 6. Be2 Qc7 7. 0-0 Nf6 8. Bg5 Be7 9. a4 0-0 10. Kh1 b6 11. f4 Bb7 12. Bf3 h6 13. Bxf6 Bxf6 14. e5 Be7 15. Nxc6 dxc6 16. Be4 c5 17. Qf3 Bxe4 18. Qxe4 Rad8 19. Rad1 Rxd1 20. Rxd1 Rd8 21. Qe2 c4 22. Rxd8+ Qxd8 23. Qd1 Qxd1+ 24. Nxd1 Bc5 25. g3 f5 26. exf6 gxf6 27. Kg2 Bd4 28. Kf3 b5 29. Ke4 Ba7 30. axb5 axb5 31. Nc3 b4 32. Nb5 Bc5 33. Nc7 Kf7 34. Na6 Bg1 35. Nxb4 Bxh2 36. g4 Bg1 37. Nc6 Bb6 38. f5 exf5+ 39. Kxf5 Bc7 40. b4 cxb3 41. cxb3 Bb6 42. b4 Ke8 43. Kxf6 Kd7 44. Ne5+ Kc7 45. Ke6 Bd4 46. Kd5 Bc3 47. Nd3 Kd7 48. b5 Ba5 49. Nc5+ Ke7 50. Nb3 Bd8 51. Nc5 Kf6 52. Kc6 Kg6 53. Nb7 Bh4 54. b6 Kg5 55. Nd6 1-0

[Event "Champions Challenge 180th"]
[Site "Playchess.com INT"]
[Date "2007.01.13"]
[Round "1.1"]
[White "Azarov, Sergei Nikolaevich"]
[Black "Severijnen, Arjon"]
[Result "1-0"]
[WhiteElo "2583"]
[BlackElo "2106"]
[PlyCount "93"]
[EventDate "2007.01.13"]
[EventType "k.o. (blitz)"]
[EventRounds "4"]
[EventCountry "GER"]
[SourceTitle "EXT 2008"]
[Source "ChessBase"]
[SourceDate "2007.11.25"]
[SourceVersion "1"]
[SourceVersionDate "2007.11.25"]
[SourceQuality "1"]

1. e4 c5 2. Nf3 Nc6 3. d4 cxd4 4. Nxd4 Nf6 5. Nc3 e6 6. Ndb5 Bb4 7. a3 Bxc3+ 8. Nxc3 d5 9. Bd3 d4 10. Ne2 e5 11. 0-0 0-0 12. f4 Bg4 13. f5 Rc8 14. Qe1 Nd7 15. Ng3 Qh4 16. b4 a5 17. Bd2 a4 18. Nh1 Qxe1 19. Rfxe1 f6 20. Ng3 h5 21. h3 h4 22. hxg4 hxg3 23. Kf1 Ne7 24. Ke2 Nb6 25. b5 Nc4 26. Bb4 Rfe8 27. Kf3 Nb2 28. Kxg3 b6 29. Rh1 Rc7 30. g5 fxg5 31. Rh5 Nc4 32. Rah1 Kf7 33. Rxg5 Ne3 34. Rh7 Rg8 35. Kf3 Nxc2 36. Bxc2 Rxc2 37. Bxe7 Kxe7 38. Rgxg7+ Rxg7 39. Rxg7+ Kf8 40. Rd7 Rc3+ 41. Kg4 Rxa3 42. f6 Ra1 43. Kf5 d3 44. Ke6 Kg8 45. Rxd3 a3 46. f7+ Kg7 47. Rg3+ 1-0

[Event "Champions Challenge 180th"]
[Site "Playchess.com INT"]
[Date "2007.01.13"]
[Round "1.2"]
[White "Severijnen, Arjon"]
[Black "Azarov, Sergei Nikolaevich"]
[Result "0-1"]
[WhiteElo "2106"]
[BlackElo "2583"]
[PlyCount "54"]
[EventDate "2007.01.13"]
[EventType "k.o. (blitz)"]
[EventRounds "4"]
[EventCountry "GER"]
[SourceTitle "EXT 2008"]
[Source "ChessBase"]
[SourceDate "2007.11.25"]
[SourceVersion "1"]
[SourceVersionDate "2007.11.25"]
[SourceQuality "1"]

1. e4 c5 2. Nf3 d6 3. d4 cxd4 4. Nxd4 Nf6 5. Nc3 g6 6. Be3 Bg7 7. f3 0-0 8. Qd2 Nc6 9. Bc4 Bd7 10. 0-0-0 Rc8 11. Bb3 Ne5 12. h4 h5 13. Bg5 Rc5 14. Kb1 Re8 15. g4 hxg4 16. h5 Nxh5 17. f4 Nc4 18. Qd3 b5 19. f5 Qc8 20. Nd5 Rxd5 21. exd5 Ne5 22. Qd2 Bxf5 23. Nxf5 Qxf5 24. Bh6 Nf3 25. Qc1 Be5 26. Bd2 Ng3 27. Rh6 Ne2 0-1

[Event "Vlissingen HZ op 10th"]
[Site "Vlissingen"]
[Date "2006.08.09"]
[Round "6"]
[White "Severijnen, Arjon"]
[Black "Mindeguia Guruceaga, Juan Jesus"]
[Result "1/2-1/2"]
[WhiteElo "2100"]
[BlackElo "2199"]
[PlyCount "57"]
[EventDate "2006.08.05"]
[EventType "swiss"]
[EventRounds "9"]
[EventCountry "NED"]
[SourceTitle "CBM 113 Extra"]
[Source "ChessBase"]
[SourceDate "2006.09.14"]
[SourceVersion "1"]
[SourceVersionDate "2006.09.14"]
[SourceQuality "1"]

1. e4 c5 2. Nf3 Nf6 3. e5 Nd5 4. Nc3 e6 5. Nxd5 exd5 6. d4 Nc6 7. dxc5 Bxc5 8. Qxd5 d6 9. exd6 Qb6 10. Qe4+ Be6 11. Qh4 Bxd6 12. Bd3 Nb4 13. 0-0 Nxd3 14. cxd3 0-0 15. Nd4 Rfe8 16. Nxe6 Rxe6 17. b3 Bc5 18. Bb2 Rd8 19. Rac1 Be7 20. Qc4 h6 21. d4 Rc6 22. Qd3 Rcd6 23. Rfd1 Bf6 24. Rc4 Rd5 25. Qe4 Qd6 26. g3 g6 27. Kg2 h5 28. Rd3 Kg7 29. h4 1/2-1/2